| 000 | 00897nam a2200277Ia 4500 | ||
|---|---|---|---|
| 003 | GCL | ||
| 008 | 140319s9999 xx 000 0 ara d | ||
| 040 |
_aGCL / _cGCL |
||
| 082 | 0 | 4 |
_aم _b219.3 _bع ج |
| 100 | 1 | _aعلى شلش | |
| 245 | 1 | 0 |
_aجمال الدين الافغانى / _cعلى شلش |
| 260 |
_a[S.N] : _bرياض الريس للكتب والنشر ، _c1987 |
||
| 300 | _a248 ص | ||
| 490 |
_aحكايات عربية واسلامية _v0 |
||
| 650 | 0 | 4 | _aمصر |
| 650 | 0 | 4 | _aالمقالات العربية |
| 650 | 0 | 4 | _aالشرق الاوسط |
| 650 | 0 | 4 | _aالتاريخ |
| 650 | 0 | 4 | _aجمال الدين الافغانى |
| 650 | 0 | 4 | _aالتاريخ الحديث |
| 650 | 0 | 4 | _aالصحافة العربية |
| 650 | 0 | 4 | _aالاسلام السياسى |
| 650 | 0 | 4 | _aالجامعة الاسلامية |
| 650 | 0 | 4 | _aالعروة الوثقى |
| 942 |
_2ddc _cREF |
||
| 999 |
_c59264 _d59264 |
||